000 00669nam a2200253 a 4500
001 nice12345678
003 IN_TiNIC
005 20260116011616.0
008 050524s1965 cala grp 000 0 eng
020 _a
_c100
082 0 0 _a297.016
_bSAU
100 _aSauvaget, Jean
245 _aIntroduction to the History of the Muslim East
_b Bibliographical Guide
260 _aCalifornia
_bUniersity of California Press
_c1965
300 _a252p.
500 _aincludes index and biblioraphy
505 2 _aIndex, Ill.
650 _aIslam-History
650 _aIslam-Bibliography
650 _aBibliography
902 _bSRS
942 _cBK
999 _c2864
_d2864